00397nam a2200121Ia 4500008004100000245009500041260002400136260000900160300000700169650002300176650001200199856006400211170516s9999 xx 000 0 und d aFeruloyl esterase from Aspergillus clavatus improves xylan hydrolysis of sugarcane bagasse bAIMS Bioengineering c2017 a:1 xMedical Technology xMedtech uhttp://www.aimspress.com/journal/Bioengineering/2017/1.html